European Monetary Union evidence from structural VARs

Saved in:
Bibliographic Details
Main Author: Whitt, Joseph A.
Format: Book
Language:English
Published: Atlanta Federal Reserve Bank of Atlanta 1995
Series:Working Paper 95-1
Subjects:
Tags: Add Tag
No Tags, Be the first to tag this record!

MARC

LEADER 00000nam a2200000 4500
001 c012602
005 20221205132950.0
041 0 |a eng 
044 |a US 
245 1 0 |a European Monetary Union  |b evidence from structural VARs  |c Joseph A. Whitt 
264 1 |a Atlanta  |b Federal Reserve Bank of Atlanta  |c 1995 
300 |a 24 s. 
490 1 |a Working Paper  |v 95-1 
830 0 |a Working Paper  |v 95-1 
610 2 0 |a banky emisné 
610 2 0 |a modely regresné 
610 2 0 |a únie menové 
610 2 0 |a dopyt 
610 2 0 |a ponuka 
610 2 0 |a Európska menová únia 
100 1 |a Whitt, Joseph A.